Survival analysis
Bewaard in:
| Hoofdauteurs: | , , |
|---|---|
| Formaat: | Boek |
| Taal: | Engels |
| Gepubliceerd in: |
Nueva York
John Wiley and Sons
1981
|
| Onderwerpen: | |
| Tags: |
Voeg label toe
Geen labels, Wees de eerste die dit record labelt!
|
MARC
| LEADER | 00000nam a2200000 a 4500 | ||
|---|---|---|---|
| 001 | UCP1027 | ||
| 003 | CL-VaPUC | ||
| 008 | 990326e19810000US |||||||||||||||||eng|d | ||
| 082 | 0 | 4 | |a 519.2 |b MIL |2 21 |
| 100 | |a Miller, Rupert G. |e autor |9 426755 | ||
| 700 | 0 | |a Gong, Gail |e author |9 426756 | |
| 700 | 0 | |a Muñoz, Alvaro |e author |9 426757 | |
| 245 | 1 | 0 | |a Survival analysis |
| 300 | |a 238 p | ||
| 942 | |c BK | ||
| 945 | |d 19990326 00:00:00 |a crobeson | ||
| 260 | |a Nueva York |b John Wiley and Sons |c 1981 | ||
| 650 | 0 | |a Teoría de probabilidades |9 336944 | |
| 650 | 7 | |a ESTADISTICA PARAMETRICA |2 CL-VaPUC |9 426758 | |
| 650 | 0 | |a Estadística no paramétrica |9 270089 | |
| 650 | 7 | |a PRUEBA DE HIPOTESIS |2 CL-VaPUC |9 426759 | |
| 650 | 0 | |a Análisis de regresión |9 263763 | |
| 583 | |a last modification |c 19990326 00:00:00 |k Rodrigo Vera | ||
| 999 | |c 279746 |d 279744 | ||
| 952 | |0 0 |1 0 |4 0 |6 519_200000000000000_MIL_1981 |7 0 |8 A |9 319523 |a BIBGIM |b BIBGIM |d 2019-11-20 |i 133347K |o 519.2 MIL 1981 |p 133347K |r 2025-01-15 |w 2019-11-20 |y BK |k EST | ||